[Event "SK Werther 1 - Bahn-SC Wuppertal 1"]
[Site "NRW-Klasse, Gruppe 1 2015/201"]
[Date "2015.10.25"]
[Round "2.2"]
[White "Freiberger, Jonas"]
[Black "Savchenko, Aleksij"]
[Result "1-0"]
[WhiteElo "2149"]
[BlackElo "2202"]
[PlyCount "57"]
[EventDate "2015.??.??"]
[WhiteTeam "SK Werther 1"]
[BlackTeam "Bahn-SC Wuppertal 1"]

1. e4 c5 2. d4 cxd4 3. c3 d3 4. Bxd3 d6 5. c4 Nf6 6. Nc3 e6 7. Nf3 Be7 8. O-O
O-O 9. Bf4 Nc6 10. Rc1 Nd7 11. Bb1 Nde5 12. Nd2 a6 13. Be3 b5 14. cxb5 axb5 15.
Nxb5 Nb4 16. a4 Qa5 17. b3 Bd7 18. Na3 Qa6 19. Ndc4 Nxc4 20. Nxc4 Rab8 21. f4
Rfc8 22. f5 Bxa4 23. fxe6 fxe6 24. Qg4 Bxb3 25. Qxe6+ Kh8 26. Qxe7 Bxc4 27.
Rfd1 Bb3 28. Bd4 Rg8 29. Rc7 1-0

[Event "SK Werther 1 - Bahn-SC Wuppertal 1"]
[Site "NRW-Klasse, Gruppe 1 2015/201"]
[Date "2015.10.25"]
[Round "2.3"]
[White "Bashilin, Roman"]
[Black "Haskenhoff, Jan"]
[Result "1/2-1/2"]
[WhiteElo "2216"]
[BlackElo "2096"]
[Annotator "Hausrath,Daniel"]
[PlyCount "120"]
[EventDate "2015.??.??"]
[WhiteTeam "Bahn-SC Wuppertal 1"]
[BlackTeam "SK Werther 1"]

1. d4 Nf6 2. Nf3 g6 3. Bf4 Bg7 4. h3 O-O 5. e3 d6 6. Be2 Nbd7 7. O-O c5 8. c3
b6 9. Nbd2 Bb7 10. a4 a6 11. Bh2 Qc7 12. Re1 Bc6 13. Bf1 Qb7 14. Qe2 b5 15. e4
cxd4 16. Nxd4 bxa4 17. Nxc6 Qxc6 18. Nc4 Nc5 19. e5 dxe5 20. Nxe5 Qb7 21. g4
Rac8 22. Bg2 Qb6 23. Bf4 Rfd8 24. Be3 Nd5 25. Bxc5 Rxc5 26. Nd3 Rc7 27. Bxd5
Rxd5 28. Nb4 Rd6 29. Rxa4 a5 30. Na2 Rcd7 31. Qe3 Qb5 32. Qe4 Rd1 33. Ra3 Qxb2
34. Rxa5 Bxc3 35. Nxc3 Qxc3 36. Ra8+ $11 Kg7 37. Rxd1 Rxd1+ 38. Kg2 Re1 39. Qd5
Qe5 40. Qxe5+ Rxe5 41. Ra3 h5 42. Kg3 Kh6 43. Rb3 Re2 44. Rb5 f6 45. Ra5 Re5
46. Ra3 Re1 47. Ra5 Rb1 48. Ra7 h4+ 49. Kg2 Re1 50. Ra5 Re5 51. Rxe5 fxe5 52.
Kf3 Kg5 53. Ke4 Kf6 54. Kd5 g5 55. f3 e6+ 56. Ke4 Kf7 57. Kxe5 Ke7 58. f4 gxf4
59. Kxf4 Kf6 60. Ke4 Kg7 1/2-1/2

[Event "SK Werther 1 - Bahn-SC Wuppertal 1"]
[Site "NRW-Klasse, Gruppe 1 2015/201"]
[Date "2015.10.25"]
[Round "2.4"]
[White "Henkemeier, Markus"]
[Black "Ries, Benjamin"]
[Result "0-1"]
[WhiteElo "1984"]
[BlackElo "2108"]
[PlyCount "46"]
[EventDate "2015.??.??"]
[WhiteTeam "SK Werther 1"]
[BlackTeam "Bahn-SC Wuppertal 1"]

1. d4 d5 2. Nf3 Nf6 3. Bf4 c5 4. c3 Qb6 5. Qb3 c4 6. Qxb6 axb6 7. Nbd2 b5 8. a3
Nc6 9. Rc1 Bf5 10. h3 h6 11. g4 Bh7 12. Bg2 e6 13. O-O Nd7 14. Rfe1 Nb6 15. e4
Ne7 16. Nh2 Kd7 17. Ndf1 dxe4 18. Bxe4 Ned5 19. Bg3 Bxe4 20. Rxe4 f5 21. gxf5
exf5 22. Re5 f4 23. Bh4 g5 0-1

[Event "SK Werther 1 - Bahn-SC Wuppertal 1"]
[Site "NRW-Klasse, Gruppe 1 2015/201"]
[Date "2015.10.25"]
[Round "2.5"]
[White "Tueckmantel, Rene"]
[Black "Goecke, Karl Ulrich"]
[Result "1/2-1/2"]
[WhiteElo "2131"]
[BlackElo "2065"]
[PlyCount "52"]
[EventDate "2015.??.??"]
[WhiteTeam "Bahn-SC Wuppertal 1"]
[BlackTeam "SK Werther 1"]

1. c4 e5 2. g3 Nf6 3. Bg2 Nc6 4. Nc3 Bc5 5. e3 d6 6. a3 a6 7. Nge2 O-O 8. O-O
Ba7 9. b4 Rb8 10. Bb2 Bf5 11. Nd5 Bd3 12. Rc1 Nxd5 13. cxd5 Ne7 14. Re1 Qd7 15.
Qb3 Bf5 16. d4 f6 17. e4 Bg4 18. f3 Bh5 19. Kh1 Bf7 20. dxe5 fxe5 21. f4 Ng6
22. f5 Ne7 23. Qf3 c6 24. dxc6 Nxc6 25. Red1 Rbd8 26. Qg4 b5 1/2-1/2

[Event "SK Werther 1 - Bahn-SC Wuppertal 1"]
[Site "NRW-Klasse, Gruppe 1 2015/201"]
[Date "2015.10.25"]
[Round "2.6"]
[White "Ortpaul, Mario"]
[Black "Werbeck, Torsten"]
[Result "0-1"]
[WhiteElo "1964"]
[BlackElo "2092"]
[PlyCount "50"]
[EventDate "2015.??.??"]
[WhiteTeam "SK Werther 1"]
[BlackTeam "Bahn-SC Wuppertal 1"]

1. Nf3 Nf6 2. d4 c5 3. c3 g6 4. Bf4 cxd4 5. cxd4 Qb6 6. Qc1 Nc6 7. e3 Bg7 8.
Nc3 d6 9. Be2 O-O 10. O-O Bf5 11. h3 Rac8 12. Qd2 Ne4 13. Nxe4 Bxe4 14. Ng5 Bf5
15. e4 Nxd4 16. Be3 Bd7 17. Rfd1 Nxe2+ 18. Qxe2 Qxb2 19. Qxb2 Bxb2 20. Rab1 Ba4
21. Rd5 Bf6 22. Ra5 Bc6 23. Rxa7 Ra8 24. Rb3 Rxa7 25. Bxa7 Bxg5 0-1

[Event "SK Werther 1 - Bahn-SC Wuppertal 1"]
[Site "NRW-Klasse, Gruppe 1 2015/201"]
[Date "2015.10.25"]
[Round "2.7"]
[White "Bogorad, Michail"]
[Black "Jakovljevic, Goran"]
[Result "1-0"]
[WhiteElo "2026"]
[BlackElo "1891"]
[PlyCount "67"]
[EventDate "2015.??.??"]
[WhiteTeam "Bahn-SC Wuppertal 1"]
[BlackTeam "SK Werther 1"]

1. e4 e6 2. Qe2 g6 3. g3 Bg7 4. Bg2 Ne7 5. h4 h5 6. c3 d5 7. d4 c6 8. e5 Qb6 9.
Nf3 c5 10. dxc5 Qxc5 11. Na3 Bd7 12. Nd4 a6 13. Bf4 Nbc6 14. Nb3 Qb6 15. Rd1
Na5 16. Nd4 Nac6 17. Nf3 Qa5 18. O-O b5 19. Nd2 Qc7 20. Rfe1 Rc8 21. Nb3 Na5
22. Nc2 Nac6 23. Nc5 Nb8 24. b4 Nf5 25. Bxd5 Bc6 26. Bxc6+ Qxc6 27. Nd4 Nxd4
28. Rxd4 Bf8 29. Ne4 Be7 30. Rc1 O-O 31. Nf6+ Bxf6 32. exf6 Rfd8 33. Rxd8+ Rxd8
34. c4 1-0

[Event "SK Werther 1 - Bahn-SC Wuppertal 1"]
[Site "NRW-Klasse, Gruppe 1 2015/201"]
[Date "2015.10.25"]
[Round "2.8"]
[White "Hufendiek, Ekkehard"]
[Black "Peters, Ortwin"]
[Result "0-1"]
[WhiteElo "1832"]
[BlackElo "1944"]
[PlyCount "92"]
[EventDate "2015.??.??"]
[WhiteTeam "SK Werther 1"]
[BlackTeam "Bahn-SC Wuppertal 1"]

1. e4 Nf6 2. e5 Nd5 3. d4 d6 4. c4 Nb6 5. Nf3 Bg4 6. exd6 cxd6 7. Be2 g6 8. b3
Bg7 9. Bb2 O-O 10. h3 Bxf3 11. Bxf3 Nc6 12. Na3 d5 13. c5 Nc8 14. O-O e6 15.
Qd2 N8e7 16. g4 b6 17. Rfd1 Rb8 18. Rab1 f5 19. Qe2 Qd7 20. Nb5 fxg4 21. hxg4
bxc5 22. dxc5 Bxb2 23. Rxb2 Rxb5 24. Qxb5 Rxf3 25. Qe2 Rf4 26. Rbd2 e5 27. f3
Nd4 28. Rxd4 Rxd4 29. Rxd4 exd4 30. Qe5 Nc6 31. Qe1 d3 32. b4 Nd4 33. Qe3 Nc2
34. Qf4 Qe7 35. Qd2 Qe5 36. c6 Qd4+ 37. Kg2 Qc4 38. Qg5 Qxc6 39. Qd8+ Kf7 40.
b5 Qe6 41. Qc7+ Qe7 42. Qf4+ Kg7 43. g5 Ne3+ 44. Kf2 Nf5 45. Qd2 Qc5+ 46. Kg2
Qc2 0-1

[Event "SK Königsspringer Iserlohn 1 - SV Erken"]
[Site "NRW-Klasse, Gruppe 1 2015/201"]
[Date "2015.10.25"]
[Round "2.1"]
[White "Willemze, Thomas"]
[Black "Scheider, Julian"]
[Result "1-0"]
[WhiteElo "2398"]
[BlackElo "2291"]
[Annotator "Hausrath,Daniel"]
[PlyCount "137"]
[EventDate "2015.??.??"]
[WhiteTeam "SV Erkenschwick 1"]
[BlackTeam "SK Königsspringer Iserlohn 1"]

1. e4 c6 2. d4 d5 3. Nd2 dxe4 4. Nxe4 Bf5 5. Ng3 Bg6 6. Nh3 e6 7. Nf4 Bd6 8.
Ngh5 Bxh5 9. Nxh5 g6 10. Ng3 Nd7 11. Ne4 Be7 12. g3 Ndf6 13. Ng5 Qd5 14. Nf3 h5
15. Bg2 Qe4+ 16. Be3 Nd5 17. Qe2 Qf5 18. a3 h4 19. Ne5 Rd8 20. O-O-O hxg3 21.
hxg3 Rxh1 22. Rxh1 Nxe3 23. fxe3 Bf6 24. Nd3 Qg5 25. Kb1 Qxg3 $11 26. Nc5 Qc7
27. Rh7 Qe7 28. Be4 b6 29. Bxc6+ Kf8 30. Nd3 Bg7 31. Rh1 Qg5 32. Rf1 Ne7 33.
Qf3 f5 34. Nf4 Kf7 35. Ba4 Nd5 36. Bb3 Nxf4 37. exf4 Qe7 38. Re1 Rd6 39. c3 Qd7
40. Qg2 Qe7 41. Ka2 Qd8 42. Qb7+ Qe7 43. Qa8 Bf6 44. Rh1 Bg7 45. Rg1 Bh6 46.
Qh8 Qf8 47. Qe5 Bg7 48. Qe2 Qd8 49. Qg2 Qf6 50. Qh1 Qd8 51. Bd1 Qf6 52. Rxg6
Qxg6 53. Bh5 Rd5 54. Qh4 Bf6 55. Bxg6+ Kxg6 56. Qg3+ Kf7 57. Qg2 b5 58. Kb3 a5
59. a4 b4 60. Qe2 bxc3 61. bxc3 Rd8 62. Qa6 Rd5 63. Kc4 Ke7 64. Qa7+ Ke8 65.
Kd3 Kf8 66. Ke3 Ke8 67. Qa8+ Kf7 68. Qc8 Bg7 69. c4 1-0

[Event "SK Königsspringer Iserlohn 1 - SV Erken"]
[Site "NRW-Klasse, Gruppe 1 2015/201"]
[Date "2015.10.25"]
[Round "2.2"]
[White "Kramps, Rene"]
[Black "Erwich, Marc"]
[Result "1-0"]
[WhiteElo "2047"]
[BlackElo "2286"]
[Annotator "Hausrath,Daniel"]
[PlyCount "57"]
[EventDate "2015.??.??"]
[WhiteTeam "SK Königsspringer Iserlohn 1"]
[BlackTeam "SV Erkenschwick 1"]

1. e3 f5 2. d4 Nf6 3. Bd3 e6 4. f4 b6 5. Nf3 Bb7 6. O-O Be7 7. c3 O-O 8. Nbd2
c5 9. Qe1 Nc6 10. Kh1 a6 11. dxc5 bxc5 12. e4 fxe4 13. Nxe4 $11 Nxe4 14. Bxe4
d5 15. Bc2 Qd6 16. Bd2 Bf6 17. Qg3 Ne7 18. Qh3 g6 19. Rae1 Nf5 20. g4 Ng7 21.
g5 Be7 22. Re5 Rf7 23. Rfe1 Raf8 24. Rxe6 Qd7 25. f5 Nxf5 26. Bxf5 gxf5 27. g6
Rg7 28. Bh6 Rxg6 29. Rxe7 1-0

[Event "SK Königsspringer Iserlohn 1 - SV Erken"]
[Site "NRW-Klasse, Gruppe 1 2015/201"]
[Date "2015.10.25"]
[Round "2.3"]
[White "Jens, Jelmer"]
[Black "Franke, Thomas"]
[Result "1/2-1/2"]
[WhiteElo "2297"]
[BlackElo "2074"]
[Annotator "Hausrath,Daniel"]
[PlyCount "53"]
[EventDate "2015.??.??"]
[WhiteTeam "SV Erkenschwick 1"]
[BlackTeam "SK Königsspringer Iserlohn 1"]

1. e4 e6 2. d4 d5 3. Nd2 Nf6 4. e5 Nfd7 5. c3 c5 6. Bd3 Nc6 7. Ne2 cxd4 8. cxd4
f6 9. exf6 Nxf6 10. Nf3 Bd6 11. O-O Qc7 12. Bd2 O-O 13. Rc1 Bd7 14. Re1 Ng4 15.
Ng3 g6 16. Bc3 Qb6 17. Qc2 Rf6 18. h3 Rxf3 19. gxf3 Nxd4 20. Bxd4 Qxd4 21. hxg4
Bxg3 22. Kg2 Be5 $11 23. Qe2 Bf4 24. Rcd1 Qb6 25. Rh1 Rf8 26. Qc2 Rc8 27. Qe2
1/2-1/2

[Event "SK Königsspringer Iserlohn 1 - SV Erken"]
[Site "NRW-Klasse, Gruppe 1 2015/201"]
[Date "2015.10.25"]
[Round "2.4"]
[White "Kind, Bertram"]
[Black "Van Beek, Alexander"]
[Result "1-0"]
[WhiteElo "2170"]
[BlackElo "2295"]
[PlyCount "85"]
[EventDate "2015.??.??"]
[WhiteTeam "SK Königsspringer Iserlohn 1"]
[BlackTeam "SV Erkenschwick 1"]

1. e4 e5 2. Nf3 Nc6 3. Bc4 Nf6 4. d3 Bc5 5. O-O d6 6. c3 a6 7. b4 Ba7 8. Be3
O-O 9. Bxa7 Rxa7 10. Re1 Ne7 11. Nbd2 Ng6 12. Nf1 c6 13. Bb3 a5 14. a3 Nf4 15.
d4 Qc7 16. Ng3 Be6 17. Bxe6 Nxe6 18. Qb3 Rfa8 19. dxe5 dxe5 20. b5 a4 21. Qb4
cxb5 22. Qxb5 Ra5 23. Qb2 g6 24. Rab1 Nc5 25. Qd2 Qe7 26. h3 Rd8 27. Qg5 Nb3
28. Nf5 Qe6 29. Nh6+ Kh8 30. Ng4 Rd6 31. Ngxe5 Ng8 32. Rxb3 axb3 33. Nxf7+ Qxf7
34. Qxa5 Rf6 35. Qe5 b2 36. c4 Qxc4 37. Qxb2 Qc6 38. e5 Rf8 39. e6+ Rf6 40. e7
Qe8 41. Qxb7 Rf7 42. Qb2+ Nf6 43. Ng5 1-0

[Event "SK Königsspringer Iserlohn 1 - SV Erken"]
[Site "NRW-Klasse, Gruppe 1 2015/201"]
[Date "2015.10.25"]
[Round "2.5"]
[White "Langers, Alexander"]
[Black "Messarius, Juergen"]
[Result "1/2-1/2"]
[WhiteElo "2201"]
[BlackElo "2177"]
[Annotator "Hausrath,Daniel"]
[PlyCount "113"]
[EventDate "2015.??.??"]
[WhiteTeam "SV Erkenschwick 1"]
[BlackTeam "SK Königsspringer Iserlohn 1"]

1. e4 e6 2. d4 d5 3. Nc3 Bb4 4. e5 c5 5. a3 Bxc3+ 6. bxc3 Qa5 7. Bd2 Qa4 8. Qb1
c4 9. h4 Nc6 10. h5 Bd7 11. h6 gxh6 12. Be2 O-O-O 13. Bf3 Rf8 14. Ne2 f6 15.
exf6 Rxf6 16. Ng3 Qa5 17. Qc1 Nge7 18. Nh5 Rf7 19. Bg4 Rg8 20. Qd1 e5 21. Bxd7+
Kxd7 22. dxe5 Nxe5 23. Nf4 N7g6 24. Ne2 Ng4 25. f3 Qc5 26. Nd4 Qd6 27. Kf1 Qf6
28. Rb1 Kc8 29. Qe1 Re7 30. Qg3 N4e5 31. Rxh6 a6 32. Rh5 Rd7 33. Qh3 Nf8 34.
Rf5 Qd6 35. Bf4 Nfg6 36. Bg3 Re8 37. a4 Kb8 38. Qh2 Ka8 39. Re1 Rde7 40. Qh5
Qc7 41. Rg5 Nd3 42. cxd3 cxd3 43. Bxc7 Rxe1+ 44. Kf2 d2 45. f4 d1=Q $11 46.
Qxd1 Rxd1 47. f5 Ne5 48. Bxe5 Rxe5 49. f6 Rxd4 50. Rxe5 Rf4+ 51. Ke3 Rxf6 52.
Rxd5 Rg6 53. Kf3 Rc6 54. a5 Rxc3+ 55. Kf4 Rc6 56. g4 Kb8 57. Rh5 1/2-1/2

[Event "SK Königsspringer Iserlohn 1 - SV Erken"]
[Site "NRW-Klasse, Gruppe 1 2015/201"]
[Date "2015.10.25"]
[Round "2.6"]
[White "Klauke, Stefan"]
[Black "Homs, Guust"]
[Result "1/2-1/2"]
[WhiteElo "2102"]
[BlackElo "2186"]
[PlyCount "62"]
[EventDate "2015.??.??"]
[WhiteTeam "SK Königsspringer Iserlohn 1"]
[BlackTeam "SV Erkenschwick 1"]

1. e4 e5 2. Nf3 Nc6 3. Nc3 Nf6 4. Bb5 Nd4 5. O-O Nxb5 6. Nxb5 a6 7. Nc3 d6 8.
d4 exd4 9. Qxd4 Be7 10. h3 O-O 11. b3 b5 12. Bb2 c5 13. Qd3 Bb7 14. Rfe1 b4 15.
Nd5 Nxd5 16. exd5 Bf6 17. Bxf6 Qxf6 18. Nd2 Qg5 19. Ne4 Qxd5 20. Qxd5 Bxd5 21.
Nxd6 Rfd8 22. Nf5 Kf8 23. Rad1 Be6 24. Ne3 a5 25. f4 f6 26. Kf2 Rd4 27. f5 Bf7
28. Re2 Rxd1 29. Nxd1 c4 30. Re4 cxb3 31. axb3 Rc8 1/2-1/2

[Event "SK Königsspringer Iserlohn 1 - SV Erken"]
[Site "NRW-Klasse, Gruppe 1 2015/201"]
[Date "2015.10.25"]
[Round "2.7"]
[White "Krings, Christoph"]
[Black "Schwanbeck, Christoph"]
[Result "1-0"]
[WhiteElo "2105"]
[BlackElo "2076"]
[PlyCount "67"]
[EventDate "2015.??.??"]
[WhiteTeam "SV Erkenschwick 1"]
[BlackTeam "SK Königsspringer Iserlohn 1"]

1. d4 Nf6 2. Nf3 d6 3. c4 Nbd7 4. Nc3 c5 5. d5 e5 6. dxe6 fxe6 7. g3 a6 8. Bg2
Be7 9. O-O O-O 10. b3 Nb8 11. Bb2 Nc6 12. Ng5 Rb8 13. e3 Qc7 14. Qd3 Ne5 15.
Qe2 h6 16. Nge4 Bd7 17. Nxf6+ Bxf6 18. Ne4 d5 19. Nxf6+ gxf6 20. cxd5 Bb5 21.
Qh5 Bxf1 22. Rxf1 exd5 23. f4 Qf7 24. Qd1 Rbd8 25. fxe5 f5 26. g4 Qg6 27. gxf5
Rxf5 28. Rxf5 Qxf5 29. e4 Qf4 30. exd5 Qe3+ 31. Kh1 Qf2 32. Qb1 Rf8 33. e6 Rf5
34. e7 1-0

[Event "SK Königsspringer Iserlohn 1 - SV Erken"]
[Site "NRW-Klasse, Gruppe 1 2015/201"]
[Date "2015.10.25"]
[Round "2.8"]
[White "Franz, Christian"]
[Black "Strozewski, Frank"]
[Result "1-0"]
[WhiteElo "2000"]
[BlackElo "1957"]
[Annotator "Hausrath,Daniel"]
[PlyCount "101"]
[EventDate "2015.??.??"]
[WhiteTeam "SK Königsspringer Iserlohn 1"]
[BlackTeam "SV Erkenschwick 1"]

1. Nf3 d6 2. d4 g6 3. e4 Bg7 4. Nc3 Nc6 5. Be3 Bg4 6. Bb5 a6 7. Bxc6+ bxc6 8.
h3 Bd7 9. O-O Rb8 10. b3 c5 11. Qd2 cxd4 12. Nxd4 c5 13. Nde2 Bc6 14. Rad1 Qc8
15. f3 Ba8 16. Na4 Bc6 17. Nac3 Ba8 18. Nd5 Bxd5 19. Qxd5 Nf6 20. Qd2 O-O 21.
c4 Ne8 22. Rfe1 Qb7 23. Bh6 Bxh6 $11 24. Qxh6 e5 25. Nc3 f6 26. Rd3 Qd7 27. Na4
Qc7 28. Red1 Rf7 29. Qd2 Rd8 30. Rd5 Rc8 31. Rxd6 Nxd6 32. Qxd6 Kg7 33. Qxc7
Rcxc7 34. Rd5 Rfd7 35. Nxc5 Rxd5 36. Ne6+ Kf7 37. exd5 Rc8 38. Kf2 Ke7 39. c5
a5 40. Ke3 Rb8 41. Kd3 h6 42. Kc4 f5 43. a3 g5 44. b4 axb4 45. axb4 Rg8 46. b5
h5 47. b6 g4 48. b7 e4 49. fxe4 fxe4 50. c6 e3 51. Kd3 1-0

[Event "PSV Duisburg 1 - Kölner SK Dr. Lasker 1"]
[Site "NRW-Klasse, Gruppe 1 2015/201"]
[Date "2015.10.25"]
[Round "2.1"]
[White "Paris, Michael"]
[Black "Schiffer, Kai-Uwe"]
[Result "1/2-1/2"]
[WhiteElo "2194"]
[BlackElo "2251"]
[PlyCount "51"]
[EventDate "2015.??.??"]
[WhiteTeam "Kölner SK Dr. Lasker 1"]
[BlackTeam "PSV Duisburg 1"]

1. d4 d5 2. Nf3 e6 3. c4 c5 4. cxd5 exd5 5. g3 Nf6 6. Bg2 Be7 7. O-O O-O 8. Nc3
Nc6 9. b3 Re8 10. dxc5 Bxc5 11. Na4 Bf8 12. Bb2 Ne4 13. Rc1 Bg4 14. Nd4 Ng5 15.
h4 Nxd4 16. Qxd4 Bxe2 17. hxg5 Bxf1 18. Bxf1 Qxg5 19. Kg2 Be7 20. f4 Qg4 21.
Qd1 Qxd1 22. Rxd1 Red8 23. Bd4 Rac8 24. Bd3 b6 25. Kf3 Rc7 26. Nc3 1/2-1/2

[Event "PSV Duisburg 1 - Kölner SK Dr. Lasker 1"]
[Site "NRW-Klasse, Gruppe 1 2015/201"]
[Date "2015.10.25"]
[Round "2.2"]
[White "Schmitz, Joachim"]
[Black "Lindam, Ingo"]
[Result "1/2-1/2"]
[WhiteElo "2209"]
[BlackElo "2058"]
[Annotator "Hausrath,Daniel"]
[PlyCount "45"]
[EventDate "2015.??.??"]
[WhiteTeam "PSV Duisburg 1"]
[BlackTeam "Kölner SK Dr. Lasker 1"]

1. e4 c5 2. Nf3 e6 3. Nc3 Nc6 4. d4 cxd4 5. Nxd4 Qc7 6. g3 a6 7. Bg2 Nf6 8. O-O
Nxd4 9. Qxd4 Bc5 10. Bf4 d6 $11 11. Qd2 e5 12. Bg5 Be6 13. Bxf6 gxf6 14. Qh6
Ke7 15. Nd5+ Bxd5 16. exd5 Rag8 17. Be4 Qd7 18. Kh1 Qg4 19. f4 Be3 20. Rae1 Bd2
21. Rd1 Be3 22. Rde1 Bd2 23. Rd1 1/2-1/2

[Event "PSV Duisburg 1 - Kölner SK Dr. Lasker 1"]
[Site "NRW-Klasse, Gruppe 1 2015/201"]
[Date "2015.10.25"]
[Round "2.3"]
[White "Kloss, Henning"]
[Black "Maslak, Sulejman"]
[Result "1-0"]
[WhiteElo "2165"]
[BlackElo "2301"]
[PlyCount "73"]
[EventDate "2015.??.??"]
[WhiteTeam "Kölner SK Dr. Lasker 1"]
[BlackTeam "PSV Duisburg 1"]

1. d4 d5 2. Nf3 e6 3. c4 c6 4. e3 f5 5. Bd3 Nf6 6. O-O Bd6 7. b3 O-O 8. Ba3
Bxa3 9. Nxa3 Qe7 10. Qc1 a5 11. Nc2 b6 12. Ne5 Nfd7 13. f4 c5 14. Ne1 Nxe5 15.
fxe5 Nc6 16. cxd5 exd5 17. Bb5 Na7 18. Be2 Be6 19. Qd2 g5 20. Rc1 a4 21. bxa4
c4 22. Rb1 Rfb8 23. Kh1 g4 24. e4 dxe4 25. d5 Rd8 26. Bxc4 Kh8 27. Qb2 Bxd5 28.
Bxd5 Rxd5 29. Rxf5 Qe6 30. Qf2 Rg8 31. Qf4 e3 32. Rb3 e2 33. Re3 Rd4 34. Qf2
Rd2 35. Rf6 Qe8 36. e6 Nc6 37. Rf7 1-0

[Event "PSV Duisburg 1 - Kölner SK Dr. Lasker 1"]
[Site "NRW-Klasse, Gruppe 1 2015/201"]
[Date "2015.10.25"]
[Round "2.4"]
[White "Wengenroth, Walter"]
[Black "Nagel, Bernhard"]
[Result "1/2-1/2"]
[WhiteElo "2197"]
[BlackElo "2169"]
[PlyCount "51"]
[EventDate "2015.??.??"]
[WhiteTeam "PSV Duisburg 1"]
[BlackTeam "Kölner SK Dr. Lasker 1"]

1. c4 c5 2. Nf3 Nc6 3. Nc3 g6 4. e3 Nf6 5. d4 cxd4 6. exd4 d5 7. cxd5 Nxd5 8.
Bc4 Nxc3 9. Qb3 e6 10. bxc3 Na5 11. Bb5+ Bd7 12. Qa4 Nc6 13. d5 exd5 14. O-O
Be7 15. Bh6 f6 16. Qb3 Qc7 17. Qxd5 O-O-O 18. Rfe1 Bg4 19. Qe4 Bf5 20. Qa4 Bc5
21. Bxc6 Qxc6 22. Qxc6+ bxc6 23. Bg7 Rhe8 24. Bxf6 Rxe1+ 25. Rxe1 Rd3 26. h4
1/2-1/2

[Event "PSV Duisburg 1 - Kölner SK Dr. Lasker 1"]
[Site "NRW-Klasse, Gruppe 1 2015/201"]
[Date "2015.10.25"]
[Round "2.5"]
[White "Fox, Daniel"]
[Black "Kleff, Andre"]
[Result "1/2-1/2"]
[WhiteElo "2167"]
[BlackElo "2084"]
[PlyCount "38"]
[EventDate "2015.??.??"]
[WhiteTeam "Kölner SK Dr. Lasker 1"]
[BlackTeam "PSV Duisburg 1"]

1. e4 g6 2. d4 Bg7 3. Nf3 c6 4. Nc3 d5 5. h3 Nf6 6. Bd3 dxe4 7. Nxe4 Nxe4 8.
Bxe4 Bf5 9. Bxf5 Qa5+ 10. c3 Qxf5 11. O-O Nd7 12. Re1 e6 13. Qb3 b5 14. Qa3 a5
15. Ne5 Nxe5 16. dxe5 Bf8 17. Qb3 a4 18. Qd1 Rd8 19. Qg4 Qxg4 1/2-1/2

[Event "PSV Duisburg 1 - Kölner SK Dr. Lasker 1"]
[Site "NRW-Klasse, Gruppe 1 2015/201"]
[Date "2015.10.25"]
[Round "2.6"]
[White "Heisel, Guido"]
[Black "Cramer, Volker"]
[Result "1/2-1/2"]
[WhiteElo "2051"]
[BlackElo "2065"]
[PlyCount "62"]
[EventDate "2015.??.??"]
[WhiteTeam "PSV Duisburg 1"]
[BlackTeam "Kölner SK Dr. Lasker 1"]

1. d4 f5 2. Bg5 g6 3. h4 Bg7 4. e3 c5 5. c3 Qb6 6. Qc2 d5 7. Nd2 Nc6 8. Ngf3
Bd7 9. Nb3 c4 10. Nc5 Qc7 11. b3 Na5 12. Bf4 Qc8 13. bxc4 dxc4 14. Nxd7 Qxd7
15. Rb1 b5 16. Qb2 a6 17. Qa3 Nc6 18. Rxb5 Nxd4 19. Nxd4 Bxd4 20. Rb1 Bg7 21.
Be2 e5 22. Bh2 Ne7 23. O-O O-O 24. Bxc4+ Kh8 25. Rfd1 Qc7 26. Bf1 f4 27. exf4
exf4 28. c4 Nf5 29. Qh3 Nd4 30. Bd3 Rad8 31. h5 g5 1/2-1/2

[Event "PSV Duisburg 1 - Kölner SK Dr. Lasker 1"]
[Site "NRW-Klasse, Gruppe 1 2015/201"]
[Date "2015.10.25"]
[Round "2.7"]
[White "Loseries, Uwe"]
[Black "Sponheim, Marko"]
[Result "1/2-1/2"]
[WhiteElo "2144"]
[BlackElo "1924"]
[PlyCount "62"]
[EventDate "2015.??.??"]
[WhiteTeam "Kölner SK Dr. Lasker 1"]
[BlackTeam "PSV Duisburg 1"]

1. d4 Nf6 2. c4 c5 3. d5 b5 4. cxb5 a6 5. bxa6 Bxa6 6. Nc3 d6 7. Nf3 Nbd7 8. e4
Bxf1 9. Kxf1 g6 10. g3 Bg7 11. Kg2 O-O 12. Re1 Ng4 13. Nd2 Nge5 14. Qe2 Nb6 15.
f4 Ned7 16. a4 Bxc3 17. bxc3 Nxa4 18. c4 Qc7 19. Qd3 Rfb8 20. Re3 Rb4 21. Ba3
Rb7 22. Rae1 f6 23. Nf3 Nab6 24. e5 Rxa3 25. Qxa3 Nxc4 26. exd6 Qxd6 27. Qa8+
Rb8 28. Qc6 Nxe3+ 29. Rxe3 Rb6 30. Qa8+ Rb8 31. Qc6 Rb6 1/2-1/2

[Event "PSV Duisburg 1 - Kölner SK Dr. Lasker 1"]
[Site "NRW-Klasse, Gruppe 1 2015/201"]
[Date "2015.10.25"]
[Round "2.8"]
[White "Sirringhaus, Wilfried"]
[Black "Mandt, Mathias"]
[Result "1-0"]
[WhiteElo "2061"]
[BlackElo "2085"]
[PlyCount "67"]
[EventDate "2015.??.??"]
[WhiteTeam "PSV Duisburg 1"]
[BlackTeam "Kölner SK Dr. Lasker 1"]

1. e4 Nf6 2. Nc3 d5 3. e5 d4 4. exf6 dxc3 5. fxe7 cxd2+ 6. Qxd2 Qxd2+ 7. Bxd2
Bxe7 8. Bc3 O-O 9. O-O-O Be6 10. Nf3 Nc6 11. Bb5 Nb4 12. Bxb4 Bxb4 13. Kb1 c6
14. Ba4 Bc5 15. Nd4 Bd5 16. f3 Rad8 17. c3 Rfe8 18. Bc2 g6 19. h4 h5 20. Rhg1
Bb6 21. Rge1 Kf8 22. b3 Rxe1 23. Rxe1 c5 24. Ne2 Re8 25. Bd3 Bd8 26. Rd1 Bxh4
27. Nf4 Bc6 28. Bxg6 Bg5 29. Nh3 Bf6 30. Bxh5 Bxc3 31. Nf4 Bd4 32. Kc2 Re5 33.
Bg4 f5 34. Ng6+ 1-0

[Event "SF Lieme 1 - SG Ennepe-Ruhr-Süd 1"]
[Site "NRW-Klasse, Gruppe 2 2015/201"]
[Date "2015.10.25"]
[Round "2.1"]
[White "Lupor, Stefan"]
[Black "Himpenmacher, Andy"]
[Result "1/2-1/2"]
[WhiteElo "2220"]
[BlackElo "2179"]
[PlyCount "91"]
[EventDate "2015.??.??"]
[WhiteTeam "SG Ennepe-Ruhr-Süd 1"]
[BlackTeam "SF Lieme 1"]

1. e4 c5 2. Nf3 g6 3. d4 cxd4 4. Qxd4 Nf6 5. Nc3 Nc6 6. Qa4 d6 7. e5 dxe5 8.
Nxe5 Bd7 9. Nxd7 Qxd7 10. Bf4 Bg7 11. Rd1 Qe6+ 12. Be2 O-O 13. O-O a6 14. Bf3
b5 15. Qb3 Qxb3 16. cxb3 Rac8 17. Rd2 Rfd8 18. Rxd8+ Nxd8 19. Rd1 Ne6 20. Be3
Rc7 21. Kf1 Kf8 22. a4 bxa4 23. bxa4 Nd7 24. Nd5 Rc2 25. b4 Be5 26. b5 axb5 27.
axb5 Rb2 28. b6 Bd6 29. Ra1 f6 30. g3 Nec5 31. Rc1 Kf7 32. Be2 Kg7 33. h4 e6
34. Nc7 Kf7 35. Nb5 Be7 36. Bd4 Rb4 37. Be3 Rb3 38. Bc4 Rxe3 39. fxe3 Nxb6 40.
Be2 Nd5 41. Kf2 Ne4+ 42. Kf3 Nd2+ 43. Kf2 Ne4+ 44. Kf3 Nd2+ 45. Kf2 Ne4+ 46.
Kf3 1/2-1/2

[Event "SF Lieme 1 - SG Ennepe-Ruhr-Süd 1"]
[Site "NRW-Klasse, Gruppe 2 2015/201"]
[Date "2015.10.25"]
[Round "2.2"]
[White "Schmitz, Philipp"]
[Black "Lupor, André"]
[Result "1/2-1/2"]
[WhiteElo "2143"]
[BlackElo "2160"]
[PlyCount "61"]
[EventDate "2015.??.??"]
[WhiteTeam "SF Lieme 1"]
[BlackTeam "SG Ennepe-Ruhr-Süd 1"]

1. e4 e5 2. Nf3 Nc6 3. Bb5 a6 4. Ba4 Nf6 5. O-O Be7 6. d3 b5 7. Bb3 d6 8. a3
O-O 9. Nc3 Bg4 10. Be3 Na5 11. Ba2 c5 12. b4 Nc6 13. Nd5 Nd4 14. Bxd4 cxd4 15.
a4 bxa4 16. Nxf6+ Bxf6 17. Bd5 Ra7 18. Rxa4 Qd7 19. Bb3 Qb7 20. Qd2 Rb8 21.
Rfa1 Bd7 22. R4a2 Be7 23. h3 h6 24. Nh2 Bc6 25. Qe2 g6 26. f4 Kg7 27. Rf1 Rf8
28. fxe5 dxe5 29. Ng4 Qc7 30. Ra5 Bb5 31. Qf2 1/2-1/2